Statystyki dla Quiz o Estonii

Kliknij tutaj aby rozwiązać quiz!

Ogólne statystyki

  • Ten quiz został rozwiązany 3 687 razy
  • Średni wynik to 11 z 21

Statystyki odpowiedzi

WskazówkaOdpowiedź% Poprawnych
StolicaTallinn
97%
Graniczące państwaRosja
96%
Graniczące państwaŁotwa
94%
Kraj, od którego Estonia uzyskała niepodległość w 1991 rokuZwiązek Radziecki
91%
Dwie duże organizacje międzynarodowe, do których Estonia dołączyła w 2004 rokuUnia Europejska
89%
Te dwie zatoki są częścią tego morzaMorze Bałtyckie
84%
Dwie duże organizacje międzynarodowe, do których Estonia dołączyła w 2004 rokuNATO
82%
Język estoński jest częścią tej grupy językowejJęzyki {bałtycko-fińskie}
70%
Zakon germański, który przez trzy wieki rządził większością EstoniiZakon {krzyżacki}
60%
Popularna aplikacja do połączeń wideo, opracowane przez
Estończyków, zakupione przez firmę Microsoft w 2011 roku
Skype
58%
Estonia leży nad tymi dwiema zatokamiZatoka {Fińska}
54%
48% estońskiego obszaru lądowego zajmuje ...Las
51%
Przed II wojną światową około 80% Estończyków należało
do tego odłamu protestantyzmu. Dziś jest to ich niż 10%.
Luteranizm
36%
Estonia leży nad tymi dwiema zatokamiZatoka {Ryska}
30%
Waluta używana od 1992 do 2011 rokuKorona
27%
W 2005 roku Estonia jako pierwszy kraj dokonała tego przez InternetWybory
27%
Czym są Sarema i Hiuma?Wyspy
27%
Szwedzki król, od którego pochodzi nazwa uniwersytetuGustaw II Adolf
19%
Największy i najstarszy uniwersytetUniwersytet w {Tartu}
19%
Piąte co do wielkości jezioro w Europie, znajdujące się na wschodniej granicyPejpus
13%
Według Hemingwaya w każdym z tych miejsc można znaleźć
co najmniej dwóch Estończyków
Port
10%

Rozkład punktacji

Percentyl według liczby udzielonych odpowiedzi

Procent ludzi z każdym wynikiem

Twoja historia wyników

Nie rozwiązałeś tego quizu